LEADER 01182nam a2200301 a 4500 001 000000141079 003 CaOOAMICUS 005 20150112115143.0 008 150112s2014 it u000 u ita r 020 $a978-88-14-19017-9 040 $aPUL$bita 100 1 $aGnani, Alessandro.$0(OLS)http://pul/name/90845 245 12$aL'adesione del terzo al contratto /$cAlessandro Gnani. 260 $aMilano :$bGiuffrè,$c©2014. 300 $aXVII, 219 p. ;$c25 cm 490 1 $aIl Codice civile.$aCommentario 500 $aInclude indici. 504 $aBibliografia in nota. 505 $aArtt. 1332. 650 4$aContratti$xDiritto privato$zItalia.$0(OLS)http://pul/subject/40444 830 3$aIl Codice civile.$pCommentario.$0(OLS)http://pul/title/53143 850 $aPUL 852 $aPUL$W1$xSL Diritto e Scienze Sociali 3$y79$m300 A 1.1332$j162849$qDDC 21$B162554$CPULBib$Z2$F162554 $H125221 $82 941 1 $a9 996 $6020$a978-88-14-19017-9$9(OLS)http://pul/number/156650 996 $6245$aL'adesione del terzo al contratto$9(OLS)http://pul/title/178540 996 $6260$aMilano :$bGiuffrè$9(OLS)http://pul/publisher/48401 LEADER 01016nam a2200241 a 4500 001 000000145218 003 CaOOAMICUS 005 20150723140305.0 008 150723m19769999it u000 u ita r 040 $aPUL$bita 100 1 $aGalizzi, Mario.$0(OLS)http://pul/name/39243 245 13$aUn uomo che sa scegliere :$bVangelo secondo Marco /$cMario Galizzi. 260 $aLeumann (Torino) :$bElle Di Ci$g1976- 300 $av. ;$c19 cm 490 1 $aCommenti al Nuovo Testamento 630 04$aBiblia.$pN.T.$pMarcus$xCritica e interpretazione.$0(OLS)http://pul/subject/37840 830 0$aCommenti al Nuovo Testamento.$0(OLS)http://pul/title/183645 850 $aPUL 852 $aPUL$W1$xDP1 Fondo S. Lanza$y121$m3 L 40$j167888$av. 1$qFondi$B168447$CPULBib$Z2$F168447 $HLan2104 $82 941 1 $a1 996 $6245$aUn uomo che sa scegliere :$bVangelo secondo Marco$9(OLS)http://pul/title/183653 996 $6260$aLeumann (Torino) :$bElle Di Ci$9(OLS)http://pul/publisher/53685